000
00242nam a2200097Ia 4500
001
759918
005
20250826165138.0
008
250824s9999 xx 000 0 und d
245
0
_a
YALAN MAKİNESİ
_c
JAMES HALPERIN
260
_b
KORİDOR YAYINLARI
999
_c
759918
_d
759918